Cesta človeka

Bibliographic Details
Main Author: Stanček, Ľubomír (Author)
Format: Article
Language:Slovak
Subjects:

MARC

LEADER 00000nab a2200000 a 4500
001 vtls010065973
003 SK-MaSNL
005 20260426085809.0
008 250507c1974 xo |r|p|||||||000 b|slo
015 |a SNBRB1974 
035 |a (uuid)818f4532-4a64-4360-84a9-48300287f8b9 
035 |a urn:nbn:sk:snk-abeuil 
035 |a (urnnbn)urn:nbn:sk:snk:ar-001o52 
038 |a SNKBUCL 
040 |a SNKBUCL  |b slo  |c SNKBUCL  |e AACR2 
041 0 |a slo 
044 |a xo  |c SK 
080 |a 792.2  |2 1997 
100 1 |a Stanček, Ľubomír  |4 aut  |9 267870 
245 1 0 |a Cesta človeka  |c Ľubomír Stanček 
600 1 7 |a Solovič, Ján,  |d 1934-2022  |t Expres Meridian  |2 snkbucl  |9 103991 
610 2 7 |a Slovenské národné divadlo.  |b Činohra  |2 snkbucl  |9 32459 
651 7 |a Bratislava (Slovensko)  |2 snkbucl  |9 14568 
655 7 |a recenzie  |2 snkbucl  |9 21907 
773 0 |t Slovenské pohľady  |g Roč. 90, č. 7 (1974), s. 151 
850 |a Slovenská národná knižnica 
852 |a Slovenská národná knižnica 
958 |a article27 
958 |a RC 
958 |a OND 
958 |a EUIPO 
999 |c 2972174  |d 2974104